Périphrases désignant des langues - Statistiques

Statistiques générales
  • Ce quiz a été pris 145 fois
  • Le résultat moyen est 13 sur 20
Statistiques - réponses
Réponse Langue % Correct
Langue de Shakespeare Anglais
98%
Langue du Coran Arabe
98%
Langue de Goethe Allemand
95%
Langue d'Homère Grec
95%
Langue de Tolstoï Russe
93%
Langue de Moïse Hébreu
87%
Langue de Confucius Chinois | Mandarin
85%
Langue de Cervantes Espagnol
85%
Langue de Cicéron Latin
78%
Langue de Dante Italien
77%
Langue d'Andersen Danois
73%
Langue de Mishima Japonais
71%
Langue de Sejong Coréen
67%
Langue d'Eminescu Roumain
63%
Langue de Chevtchenko Ukrainien
56%
Langue de Jésus Araméen
49%
Langue des troubadours Occitan
23%
Langue de Ferdowsi Persan
9%
Langue de Zamenhof Espéranto
7%
Langue de Lulle Catalan
6%
Aucun quiz correspondant
Distribution des résultats
% des personnes avec chaque résultat
Percentile par nombre de réponses
Votre historique - résultats
Vous n’avez pas pris ce quiz